[Event "EYCC Girls U14 2018"]
[Site "Riga"]
[Date "2018.08.29"]
[Round "9"]
[White "Levitan, Ronit"]
[Black "Dylag, Emilia"]
[Result "1-0"]
[WhiteElo "1933"]
[BlackElo "2095"]
[Annotator "NA RC"]
[PlyCount "123"]
[EventDate "2018.08.20"]
[EventType "swiss"]
[EventCountry "LAT"]
[SourceTitle "playchess.com"]
[Source "ChessBase"]
[SourceQuality "1"]
[TimeControl "40/5400+30:1800+30"]

1. e4 {[%emt 0:00:00]} c5 {[%emt 0:00:00]} 2. c3 {[%emt 0:00:00]} Nf6 {[%emt 0:00:00]} 3. e5 {[%emt 0:00:00]} Nd5 {[%emt 0:00:00]} 4. d4 {[%emt 0:00:00]} cxd4 {[%emt 0:00:09]} 5. cxd4 {[%emt 0:00:00]} d6 {[%emt 0:00:49]} 6. Nf3 {[%emt 0:00:28] LiveBook: 1087 Games} Nc6 {[%emt 0:00:41]} 7. Bc4 {[%emt 0:00:10]} dxe5 {[%emt 0:00:32]} 8. dxe5 {[%emt 0:00:56]} Ndb4 {[%emt 0:01:36]} 9. O-O {[%emt 0:01:36] B22: Sicilian: 2 c3} (9. Qxd8+ Nxd8 10. Na3 Bg4 11. Bd2 Nbc6 12. Bc3 Bxf3 13. gxf3 a6 14. Nc2 e6 15. Bd3 Rc8 16. Be4 Be7 {½-½ (42) Mamedov,R (2655)-Giri,A (2790) Shamkir 2016}) 9... Qxd1 {[%emt 0:00:39]} 10. Rxd1 {[%emt 0:00:08]} Bg4 {[%emt 0:01:05]} 11. Nc3 {[%emt 0:01:02]} e6 $146 {[%emt 0:16:22]} (11... Bxf3 $11 12. gxf3 Nxe5) ({Predecessor:} 11... g6 12. Bf4 Bg7 13. a3 Bxf3 {0-1 (13) Ibarra Jerez,J (2233)-Bogner,S (2586) Lorca 2017}) 12. Bf4 {[%emt 0:23:51]} Bxf3 {[%emt 0:06:36]} 13. gxf3 {[%emt 0:00:08]} g5 {[%emt 0:04:10]} 14. Be3 {[%emt 0:03:36]} ({Of course not} 14. Bxg5 Rg8 $17) 14... Nxe5 {[%emt 0:08:01]} 15. Bb3 {[%emt 0:06:42]} Rc8 {[%emt 0:14:41]} (15... Nxf3+ $17 16. Kg2 Nh4+ 17. Kh1 Be7 18. Ba4+ Nc6) 16. Ne4 {[%emt 0:04:51]} Be7 {[%emt 0:02:44]} 17. Kg2 {[%emt 0:10:07]} Nbc6 {[%emt 0:10:07]} 18. Rac1 {[%emt 0:00:41]} Rd8 {[%emt 0:04:01]} 19. Ba4 {[%emt 0:03:51]} Rxd1 {[%emt 0:08:58]} 20. Rxd1 {[%emt 0:00:18]} O-O {[%emt 0:01:51]} 21. Bxc6 {[%emt 0:01:55]} Nxc6 {[%emt 0:00:50]} 22. Rd7 {[%emt 0:00:47]} Rb8 {[%emt 0:05:35]} (22... f5 $1 $15 23. Nc3 (23. Nxg5 f4 $15) 23... Bf6) 23. Bxg5 {[%emt 0:03:14]} Bxg5 {[%emt 0:01:58]} 24. Nxg5 {[%emt 0:00:08]} Nd8 {[%emt 0:01:48]} 25. Kg3 {[%emt 0:01:52]} h6 {[%emt 0:01:23]} 26. Ne4 {[%emt 0:00:23]} Kg7 {[%emt 0:00:34]} 27. Kf4 {[%emt 0:08:49]} Kg6 {[%emt 0:04:09]} 28. Ke5 {[%emt 0:11:31]} b5 {[%emt 0:02:39]} 29. Kd6 {[%emt 0:02:50]} Rb6+ {[%emt 0:00:16]} 30. Kc7 {[%emt 0:02:25]} Nb7 {[%emt 0:01:28]} 31. b4 {[%emt 0:01:06]} f5 {[%emt 0:00:29]} 32. Nc3 {[%emt 0:11:09]} Kf6 {[%emt 0:00:46]} 33. f4 {[%emt 0:00:47]} h5 {[%emt 0:00:09]} 34. h4 {[%emt 0:00:10]} Kg6 {[%emt 0:00:24]} 35. Ne2 {[%emt 0:01:08]} Kf6 {[%emt 0:00:12]} 36. Nd4 {[%emt 0:00:16]} e5 {[%emt 0:00:30]} 37. fxe5+ {[%emt 0:00:48]} Kxe5 {[%emt 0:00:05]} 38. Nc6+ {[%emt 0:00:34]} Ke6 {[%emt 0:01:29]} 39. Rd2 {[%emt 0:00:40]} f4 {[%emt 0:00:46]} 40. Nxa7 Rd6 {[%emt 0:00:00]} 41. Re2+ {[%emt 0:01:01]} Kf5 {[%emt 0:00:15]} 42. Kxb7 {[%emt 0:04:34]} f3 {[%emt 0:00:23]} 43. Rc2 {[%emt 0:00:24]} Rd7+ {[%emt 0:00:35]} 44. Kb6 {[%emt 0:00:35]} Kg4 {[%emt 0:00:15]} 45. Nxb5 {[%emt 0:02:00]} Kxh4 {[%emt 0:00:11]} 46. a4 {[%emt 0:06:32]} Kh3 {[%emt 0:02:52]} 47. a5 {[%emt 0:02:27]} Kg2 {[%emt 0:00:12]} 48. a6 {[%emt 0:00:22]} h4 {[%emt 0:00:11]} 49. a7 {[%emt 0:00:35]} Rd8 {[%emt 0:00:15]} 50. Nd4 {[%emt 0:03:23]} h3 {[%emt 0:01:26] [#]} 51. Nxf3 $1 {[%emt 0:05:06]} Kxf3 {[%emt 0:00:09]} 52. Rc3+ $18 {[%emt 0:00:02]} Kg4 {[%emt 0:03:39]} 53. Rxh3 {[%emt 0:00:11]} Kxh3 {[%emt 0:00:15]} 54. b5 {[%emt 0:00:05]} Rf8 {[%emt 0:01:27]} 55. Kb7 {[%emt 0:01:27]} Rf7+ {[%emt 0:00:11]} 56. Ka6 {[%emt 0:00:06]} Rf8 {[%emt 0:00:57]} 57. b6 {[%emt 0:00:05]} Kg4 {[%emt 0:02:23]} 58. b7 {[%emt 0:00:16]} Rf6+ {[%emt 0:00:20]} 59. Kb5 {[%emt 0:00:06]} Rf5+ {[%emt 0:00:16]} 60. Kc4 {[%emt 0:00:22]} Rf4+ {[%emt 0:00:12]} 61. Kd3 {[%emt 0:01:09]} Rf3+ {[%emt 0:00:38]} 62. Ke2 {[%emt 0:00:31]} 1-0

[Event "EYCC Girls U14 2018"]
[Site "Riga"]
[Date "2018.08.29"]
[Round "9"]
[White "Mkrtchyan, Mariam"]
[Black "Lomaia, Diana"]
[Result "1-0"]
[WhiteElo "1881"]
[BlackElo "1851"]
[Annotator "NA"]
[PlyCount "89"]
[EventDate "2018.08.20"]
[EventType "swiss"]
[EventCountry "LAT"]
[SourceTitle "playchess.com"]
[Source "ChessBase"]
[SourceQuality "1"]
[TimeControl "40/5400+30:1800+30"]

1. d4 {[%emt 0:00:00]} c5 {[%emt 0:00:22]} 2. d5 {[%emt 0:01:44]} e5 {[%emt 0:01:20]} 3. e4 {[%emt 0:04:37]} d6 {[%emt 0:02:16]} 4. Nc3 {[%emt 0:00:47]} g6 {[%emt 0:01:22]} 5. h4 {[%emt 0:03:42]} Bg7 {[%emt 0:05:25]} 6. h5 {[%emt 0:02:11]} Nf6 {[%emt 0:12:05]} 7. Be2 {[%emt 0:08:13]} h6 {[%emt 0:07:12]} 8. Be3 {[%emt 0:07:35]} g5 {[%emt 0:02:48]} 9. a4 {[%emt 0:01:58]} a6 {[%emt 0:05:47]} 10. Nf3 {[%emt 0:06:22]} Nh7 {[%emt 0:06:22]} 11. Nd2 {[%emt 0:07:37]} b6 {[%emt 0:05:05]} 12. Nc4 {[%emt 0:05:16]} O-O $18 {[%emt 0:02:32]} 13. O-O {[%emt 0:10:17]} Ra7 {[%emt 0:03:13]} 14. g4 {[%emt 0:06:05]} Rb7 {[%emt 0:02:25]} 15. Qd2 {[%emt 0:02:25]} Nf6 {[%emt 0:02:16]} 16. f3 {[%emt 0:00:13]} Re8 {[%emt 0:06:37]} 17. Rfb1 {[%emt 0:00:57]} Ree7 {[%emt 0:01:37]} 18. b4 {[%emt 0:03:47]} Ne8 {[%emt 0:02:47]} 19. Rb3 {[%emt 0:03:47]} f6 {[%emt 0:14:50]} 20. Rab1 {[%emt 0:00:52]} Bf8 {[%emt 0:02:43]} 21. Qe1 {[%emt 0:03:49]} Rf7 {[%emt 0:03:38]} 22. R1b2 {[%emt 0:01:37]} Qc7 {[%emt 0:05:41]} 23. bxc5 {[%emt 0:03:15]} bxc5 {[%emt 0:00:15]} 24. Rxb7 {[%emt 0:00:47]} Bxb7 {[%emt 0:00:02]} 25. Qb1 {[%emt 0:00:09]} Bg7 {[%emt 0:02:38]} 26. Bd2 {[%emt 0:04:27]} f5 {[%emt 0:00:33]} 27. gxf5 {[%emt 0:01:58]} a5 {[%emt 0:01:01]} 28. Nb5 {[%emt 0:02:50]} Qe7 {[%emt 0:00:15]} 29. Nxa5 {[%emt 0:00:46]} Bc8 {[%emt 0:00:28]} 30. Nxd6 {[%emt 0:01:20]} Nxd6 {[%emt 0:00:46]} 31. Rxb8 {[%emt 0:00:11]} Kh7 {[%emt 0:00:13]} 32. Nc4 {[%emt 0:00:52]} Bd7 {[%emt 0:00:33]} 33. Nxd6 {[%emt 0:01:43]} Qxd6 {[%emt 0:00:02]} 34. a5 {[%emt 0:00:36]} Rf8 {[%emt 0:00:45]} 35. Rb6 {[%emt 0:00:09]} Qc7 {[%emt 0:00:11]} 36. a6 {[%emt 0:00:26]} Ra8 {[%emt 0:00:33]} 37. Ba5 {[%emt 0:00:58]} Qc8 {[%emt 0:00:07]} 38. Rb7 {[%emt 0:00:48]} Qe8 {[%emt 0:01:10]} 39. Qb6 {[%emt 0:00:26]} Bc8 {[%emt 0:00:35]} 40. Bb5 {[%emt 0:00:00]} Qf8 {[%emt 0:00:00]} 41. Qg6+ {[%emt 0:01:21]} Kh8 {[%emt 0:08:05]} 42. Rf7 {[%emt 0:02:17]} Qg8 {[%emt 0:02:55]} 43. a7 {[%emt 0:00:24]} Bf8 {[%emt 0:05:46]} 44. Bc6 {[%emt 0:01:08]} Qxg6 {[%emt 0:05:00]} 45. hxg6 {[%emt 0:01:37]} 1-0

[Event "EYCC Girls U14 2018"]
[Site "Riga"]
[Date "2018.08.29"]
[Round "9"]
[White "Nur Mukhametova, Alisa"]
[Black "Stepanyan, Eva"]
[Result "1-0"]
[WhiteElo "1856"]
[BlackElo "2101"]
[Annotator "TA"]
[PlyCount "81"]
[EventDate "2018.08.20"]
[EventType "swiss"]
[EventCountry "LAT"]
[SourceTitle "playchess.com"]
[Source "ChessBase"]
[SourceQuality "1"]

{[%evp 11,81,14,30,12,45,9,16,-5,0,9,3,27,0,-12,-16,-11,-14,-15,-13,-19,-16,-28,-18,-39,-11,-9,0,-56,-60,-67,0,6,136,130,152,177,168,139,339,336,325,334,335,341,361,360,572,562,646,581,639,571,643,631,622,620,662,647,676,677,930,929,896,891,2829,2781,5406,5285,29993,29994,29994,29995]} 1. Nf3 Nf6 2. g3 b6 3. Bg2 Bb7 4. O-O e6 5. c4 d5 6. Ne5 Bd6 {LiveBook: 3 Games. A13: English Opening: 1...e6} 7. Qa4+ Nfd7 8. Nxd7 (8. cxd5 {feels hotter.} exd5 9. Nc4 Be7 10. Ne3 O-O 11. Nf5) 8... Nxd7 {The position is equal.} 9. cxd5 exd5 10. Nc3 $146 ({Predecessor:} 10. d4 f5 11. b4 Qf6 12. Nc3 Qxd4 13. Bb2 c6 14. e4 Qxb4 15. Qxb4 Bxb4 16. exd5 {1-0 (35) Solovyev,A (2193)-Solovchuk,A (2396) Yuzhny 2011}) 10... c6 11. d4 f5 12. Qb3 Qf6 13. Rd1 Qf7 14. Rd3 $1 O-O 15. Bf4 Bxf4 16. gxf4 Nf6 17. a4 Qc7 18. e3 Kh8 19. a5 (19. Qc2 $11) 19... Ba6 $15 20. Rd2 Ne4 (20... g5 $15 21. fxg5 Ng4) 21. Rc2 $11 Nxc3 (21... Bc4 $11 22. Qa3 Qc8) 22. Qxc3 $16 Qf7 23. Qxc6 Rac8 24. Qa4 {axb6 is the strong threat.} Bd3 $2 {[#]} (24... b5 $16 {was worth a try.} 25. Qb3 Rc4) 25. Rd2 $18 b5 26. Qd1 Bc4 {and the idea ...b4 leaves Black hopeful.} 27. b3 Qd7 28. bxc4 Rxc4 (28... dxc4 $142 29. Rb1 a6) 29. a6 Rfc8 30. Qf3 Rd8 31. Rdd1 {[%cal Bd2d1,Bd1c1,Bc1c8][%mdl 32]} Qd6 32. Bf1 Rb4 33. Bd3 g6 34. Qe2 Rb8 35. Rdc1 Rb6 36. Rc8+ Kg7 37. Rac1 Rxa6 38. Bxb5 Rb6 39. R1c7+ Kh6 40. Qf3 {[%cal Rf3h3]} Rb1+ 41. Kg2 {Precision: White = 67%, Black = 19%.} 1-0

[Event "EYCC Girls U14 2018"]
[Site "Riga"]
[Date "2018.08.29"]
[Round "9"]
[White "Ismayil, Malak"]
[Black "Yakimova, Mariya"]
[Result "1-0"]
[WhiteElo "1772"]
[BlackElo "1875"]
[Annotator "NA"]
[PlyCount "81"]
[EventDate "2018.08.20"]
[EventType "swiss"]
[EventCountry "LAT"]
[SourceTitle "playchess.com"]
[Source "ChessBase"]
[SourceQuality "1"]
[TimeControl "40/5400+30:1800+30"]

1. e4 {[%emt 0:00:00]} c5 {[%emt 0:00:00]} 2. Nf3 {[%emt 0:00:00]} Nc6 {[%emt 0:00:00]} 3. Bb5 {[%emt 0:00:00]} d6 {[%emt 0:00:04]} 4. h3 {[%emt 0:01:11]} Bd7 {[%emt 0:01:15]} 5. O-O {[%emt 0:01:13]} Nf6 {[%emt 0:00:17]} 6. Re1 {[%emt 0:09:41]} g5 $146 {[%emt 0:01:30] B51: Sicilian: Moscow Variation (3 Bb5+) without 3...Bd7} ({Predecessor:} 6... Ne5 7. Bxd7+ Nfxd7 8. Nh2 g6 9. d3 Bg7 10. Nd2 O-O 11. Ndf1 b5 12. Ng3 b4 13. f4 Nc6 14. f5 {1-0 (31) Kasimdzhanov,R (2703)-Moiseenko,A (2648) Almaty 2016}) 7. d4 {[%emt 0:02:44]} Nxd4 {[%emt 0:08:02]} 8. Nxd4 {[%emt 0:00:25]} cxd4 {[%emt 0:00:08]} 9. Bxd7+ {[%emt 0:00:21]} Qxd7 {[%emt 0:00:07]} 10. Qxd4 {[%emt 0:00:18]} Bg7 {[%emt 0:01:04]} 11. e5 {[%emt 0:14:27]} Ng8 {[%emt 0:08:20]} 12. Bxg5 {[%emt 0:03:36]} Bxe5 {[%emt 0:00:28]} 13. Qb4 {[%emt 0:00:18]} Nf6 {[%emt 0:07:06]} 14. c3 {[%emt 0:05:19]} (14. Nd2 $16) 14... h6 {[%emt 0:09:27]} 15. Bxf6 {[%emt 0:07:27]} Bxf6 {[%emt 0:00:06]} 16. Nd2 {[%emt 0:00:10]} Rg8 {[%emt 0:03:25] [#]} 17. Kh1 {[%emt 0:04:41]} (17. Ne4 $1 $16 {[%cal Re4f6]} Be5 {[#]} 18. f4 $1 {[%mdl 512]}) 17... O-O-O {[%emt 0:02:07]} 18. Ne4 {[%emt 0:02:10]} Be5 {[%emt 0:01:26]} 19. Qc4+ {[%emt 0:00:42]} Kb8 {[%emt 0:00:49]} 20. Qxf7 {[%emt 0:01:33]} Rdf8 {[%emt 0:02:19]} 21. Qh5 {[%emt 0:00:19]} Rf5 {[%emt 0:05:07]} 22. Qxh6 {[%emt 0:21:08]} Bf4 {[%emt 0:02:16]} 23. Qh7 {[%emt 0:01:13]} Rgf8 {[%emt 0:08:34]} 24. Re2 {[%emt 0:03:56]} Be5 {[%emt 0:04:04]} 25. Qg6 {[%emt 0:02:38]} Rh8 {[%emt 0:05:00]} (25... R5f7 $16 26. Rae1 Rg7) 26. Qg4 {[%emt 0:01:46]} e6 {[%emt 0:04:04]} 27. Re3 {[%emt 0:04:48]} Qh7 $18 {[%emt 0:03:58]} 28. Qe2 {[%emt 0:03:00]} Qf7 {[%emt 0:07:16]} 29. Kg1 {[%emt 0:03:11]} Bf4 {[%emt 0:01:20]} 30. Rd3 {[%emt 0:02:43]} d5 {[%emt 0:00:55]} 31. Ng3 {[%emt 0:00:48]} Rf6 {[%emt 0:01:24]} 32. Rad1 {[%emt 0:00:20]} Rh4 {[%emt 0:08:12]} 33. b3 {[%emt 0:01:29]} a6 {[%emt 0:04:27]} 34. c4 {[%emt 0:01:40]} dxc4 {[%emt 0:01:17]} 35. Rd8+ {[%emt 0:00:12]} Ka7 {[%emt 0:00:24]} 36. Qxc4 {[%emt 0:01:34]} Rh7 {[%emt 0:00:55]} 37. Qc5+ {[%emt 0:00:20]} b6 {[%emt 0:00:09]} 38. Qc6 {[%emt 0:00:17]} Qb7 {[%emt 0:00:56]} 39. R8d7 {[%emt 0:00:12]} Bc7 {[%emt 0:00:30]} 40. Qxb7+ {[%emt 0:00:00]} Kxb7 {[%emt 0:00:00]} 41. Rxh7 {[%emt 0:00:19]} 1-0